[Event "GRENKE Chess Open 2018"]
[Site "Karlsruhe GER"]
[Date "2018.03.29"]
[Round "1.1"]
[White "Martin, Stefan"]
[Black "Bacrot, Etienne"]
[Result "0-1"]
[BlackTitle "GM"]
[WhiteElo "2152"]
[BlackElo "2718"]
[WhiteFideId "4612868"]
[BlackFideId "605506"]
[EventDate "2018.03.29"]

1. d4 Nf6 2. c4 e6 3. Nf3 b6 4. g3 Bb7 5. Bg2 g6 6. O-O Bg7 7. Nc3 O-O 8. Qc2 d5
9. Ne5 c6 10. Rd1 Nbd7 11. e4 Rc8 12. b4 Nxe5 13. dxe5 Nd7 14. f4 dxc4 15. Qe2
b5 16. Be3 a6 17. Rd6 c5 18. Rad1 Bc6 19. Bxc5 Qc7 20. Be3 Rfe8 21. Qd2 Bf8 22.
h4 a5 23. a3 axb4 24. axb4 Ra8 25. Rxd7 Bxd7 26. Qxd7 Qxd7 27. Rxd7 Reb8 28. Bc5
Bxc5+ 29. bxc5 b4 30. Ne2 b3 31. c6 b2 32. Nc3 b1=Q+ 33. Nxb1 Rxb1+ 34. Bf1 c3
35. c7 c2 36. Rd8+ Kg7 37. c8=Q Rxc8 38. Rxc8 c1=Q 39. Rxc1 Rxc1 40. Kf2 Rc3 41.
Be2 h6 42. Bf3 Kf8 43. h5 g5 44. Bg4 Ke7 45. Bf3 Ra3 46. Be2 Kd8 47. Bg4 gxf4
48. gxf4 Kd7 49. Bf3 Kc6 50. Bg4 Rc3 51. Bd1 Kc5 52. Ba4 Kd4 53. Be8 Kxe4 54.
Bxf7 Kf5 0-1

[Event "GRENKE Chess Open 2018"]
[Site "Karlsruhe GER"]
[Date "2018.03.29"]
[Round "1.2"]
[White "Rapport, Richard"]
[Black "Krauseneck, Peter"]
[Result "1-0"]
[WhiteTitle "GM"]
[WhiteElo "2715"]
[BlackElo "2149"]
[WhiteFideId "738590"]
[BlackFideId "4602986"]
[EventDate "2018.03.29"]

1. d4 d5 2. c4 e6 3. Nc3 f5 4. Bf4 Nf6 5. e3 Be7 6. h3 O-O 7. Qc2 c6 8. g4 Ne4
9. gxf5 Nxc3 10. Qxc3 exf5 11. Nf3 Be6 12. Rg1 Nd7 13. Ng5 Bxg5 14. Bxg5 Nf6 15.
c5 Qe8 16. Bf4 Rf7 17. O-O-O b6 18. Kb1 Rb7 19. Be5 Rf7 20. Be2 Ne4 21. Qe1 Nf6
22. Rc1 Nd7 23. Bf4 bxc5 24. dxc5 a5 25. Bh5 g6 26. Qc3 Qe7 27. Bxg6 Rg7 28. Bh5
Nf6 29. Bd6 Qd8 30. Rxg7+ Kxg7 31. Rg1+ Kh6 32. Be2 Nh5 33. Bf4+ Nxf4 34. Qg7# 1-0

[Event "GRENKE Chess Open 2018"]
[Site "Karlsruhe GER"]
[Date "2018.03.29"]
[Round "1.4"]
[White "Andreikin, Dmitry"]
[Black "Everett, Elijah"]
[Result "1-0"]
[WhiteTitle "GM"]
[WhiteElo "2712"]
[BlackElo "2148"]
[WhiteFideId "4158814"]
[BlackFideId "12973696"]
[EventDate "2018.03.29"]

1. e4 c5 2. Nf3 d6 3. d4 cxd4 4. Qxd4 Nc6 5. Bb5 Bd7 6. Qd3 g6 7. O-O Bg7 8. c4
Nf6 9. Nc3 O-O 10. h3 a6 11. Bxc6 Bxc6 12. Nd4 Rc8 13. Be3 Nd7 14. Rac1 Nc5 15.
Qb1 Ne6 16. Nxe6 fxe6 17. Rfd1 b5 18. c5 d5 19. Ne2 Qe8 20. Nd4 Qf7 21. Nxc6
Rxc6 22. Qc2 a5 23. Rd3 b4 24. Rcd1 d4 25. Bxd4 e5 26. Be3 Qxa2 27. Rd7 Bf6 28.
Ra7 Rfc8 29. g4 R6c7 30. Rxc7 Rxc7 31. Rd8+ Kf7 32. g5 Bg7 33. Qd1 a4 34. Qf3+
Ke6 35. Rg8 1-0

[Event "GRENKE Chess Open 2018"]
[Site "Karlsruhe GER"]
[Date "2018.03.29"]
[Round "1.5"]
[White "Karsay, Pascal"]
[Black "Kasimdzhanov, Rustam"]
[Result "1-0"]
[BlackTitle "GM"]
[WhiteElo "2148"]
[BlackElo "2676"]
[WhiteFideId "12953474"]
[BlackFideId "14200244"]
[EventDate "2018.03.29"]

1. e4 c6 2. d4 d5 3. Nc3 dxe4 4. Nxe4 Nf6 5. Nxf6+ exf6 6. Nf3 Bd6 7. Bc4 O-O 8.
O-O Bg4 9. Re1 Nd7 10. c3 b5 11. Bb3 Nb6 12. Qd3 Qd7 13. Bc2 g6 14. Bh6 Rfe8 15.
Nd2 Bf5 16. Ne4 Bxe4 17. Rxe4 Rxe4 18. Qxe4 Re8 19. Qf3 f5 20. g3 a5 21. Rd1 Bf8
22. Bc1 h5 23. Bd3 b4 24. c4 Bg7 25. Be3 Bxd4 26. Bxf5 Rxe3 27. Qxe3 1-0

[Event "GRENKE Chess Open 2018"]
[Site "Karlsruhe GER"]
[Date "2018.03.29"]
[Round "1.6"]
[White "Van Wely, Loek"]
[Black "Quaranta, Cristiano"]
[Result "1-0"]
[WhiteTitle "GM"]
[WhiteElo "2667"]
[BlackElo "2148"]
[WhiteFideId "1000268"]
[BlackFideId "815810"]
[EventDate "2018.03.29"]

1. c4 e6 2. Nc3 c5 3. Nf3 Nc6 4. g3 g6 5. d4 cxd4 6. Nxd4 a6 7. Bg2 Bg7 8. Nxc6
bxc6 9. c5 Qa5 10. O-O Ne7 11. Na4 O-O 12. Rb1 Qc7 13. e4 Re8 14. Bf4 e5 15. Be3
a5 16. Qd2 Ba6 17. Rfd1 Ra7 18. Nb6 Rd8 19. Bh3 Bc8 20. Qd6 1-0

[Event "GRENKE Chess Open 2018"]
[Site "Karlsruhe GER"]
[Date "2018.03.29"]
[Round "1.7"]
[White "Klings, Peter"]
[Black "Korobov, Anton"]
[Result "0-1"]
[BlackTitle "GM"]
[WhiteElo "2146"]
[BlackElo "2664"]
[WhiteFideId "4631234"]
[BlackFideId "14105730"]
[EventDate "2018.03.29"]

1. Nf3 Nf6 2. c4 e6 3. e3 b6 4. b3 Bb7 5. Bb2 d5 6. Nc3 Nbd7 7. Be2 a6 8. O-O
Bd6 9. d4 O-O 10. Qc2 Qe7 11. Rfe1 Rad8 12. Rac1 Rfe8 13. a4 c5 14. cxd5 exd5
15. dxc5 bxc5 16. Bd3 Ne5 17. Nxe5 Qxe5 18. g3 d4 19. exd4 Qxe1+ 20. Rxe1 Rxe1+
21. Bf1 cxd4 22. Ne2 Ng4 23. Qf5 Nxh2 24. Kxh2 Rxf1 25. Ng1 Bxg3+ 26. Kxg3 Rxg1+
27. Kh2 Rg2+ 28. Kh3 Bc8 0-1

[Event "GRENKE Chess Open 2018"]
[Site "Karlsruhe GER"]
[Date "2018.03.29"]
[Round "1.8"]
[White "Shirov, Alexei"]
[Black "Gulatz, Maurice"]
[Result "1-0"]
[WhiteTitle "GM"]
[WhiteElo "2651"]
[BlackElo "2145"]
[WhiteFideId "2209390"]
[BlackFideId "24642746"]
[EventDate "2018.03.29"]

1. d4 d5 2. c4 c6 3. Nf3 Nf6 4. Nc3 dxc4 5. a4 Bf5 6. Nh4 e6 7. Nxf5 exf5 8. e3
Bd6 9. Bxc4 Qe7 10. Qc2 g6 11. O-O Nbd7 12. e4 fxe4 13. Re1 O-O 14. Nxe4 Nxe4
15. Rxe4 Qf6 16. h4 Qf5 17. Bd3 Nf6 18. Re2 Qg4 19. Bg5 Nd5 20. Re4 Qd7 21. Bc4
Qf5 22. Qe2 Nf6 23. Re6 Rae8 24. Rxf6 1-0

[Event "GRENKE Chess Open 2018"]
[Site "Karlsruhe GER"]
[Date "2018.03.29"]
[Round "1.9"]
[White "Schweitzer, Victoria"]
[Black "Fridman, Daniel"]
[Result "0-1"]
[WhiteTitle "WIM"]
[BlackTitle "GM"]
[WhiteElo "2144"]
[BlackElo "2637"]
[WhiteFideId "14100878"]
[BlackFideId "11600454"]
[EventDate "2018.03.29"]

1. e4 c6 2. d4 d5 3. exd5 cxd5 4. Bd3 Nc6 5. c3 Qc7 6. Ne2 Bg4 7. f3 Bd7 8. Bf4
e5 9. dxe5 Nxe5 10. Qc2 Bd6 11. Bxe5 Bxe5 12. Nd2 Bxh2 13. O-O-O Ne7 14. Nd4
O-O-O 15. Bb5 Be5 16. Bxd7+ Rxd7 17. Qa4 a6 18. N2b3 h5 19. g4 h4 20. Nf5 Nxf5
21. gxf5 Qc4 22. Qa5 Rh6 23. Nd2 Qb5 24. Qxb5 axb5 25. Rde1 f6 26. Nb3 Rc7 27.
Kd2 Rc4 28. Reg1 Rh7 29. Rg4 h3 30. Ke3 h2 31. Rg2 b4 32. Na5 Rch4 33. cxb4 Rxb4
34. Nb3 Kb8 35. Rc2 Rh3 36. Rg2 Ra4 37. Rxg7 Bf4+ 38. Kd3 Rxf3+ 39. Kc2 Rf2+ 40.
Kb1 Be5 0-1

[Event "GRENKE Chess Open 2018"]
[Site "Karlsruhe GER"]
[Date "2018.03.29"]
[Round "1.10"]
[White "Gordievsky, Dmitry"]
[Black "Spiegel, Stefan"]
[Result "1-0"]
[WhiteTitle "GM"]
[WhiteElo "2630"]
[BlackElo "2144"]
[WhiteFideId "24112798"]
[BlackFideId "4610733"]
[EventDate "2018.03.29"]

1. Nf3 Nf6 2. g3 e6 3. Bg2 d5 4. O-O Be7 5. d3 c5 6. Nbd2 Nc6 7. e4 b6 8. Re1
Bb7 9. c3 Qc7 10. Nf1 dxe4 11. dxe4 Rd8 12. Qc2 O-O 13. e5 Nd5 14. Ng5 Bxg5 15.
Bxg5 Rd7 16. Qe2 h6 17. Bc1 Nde7 18. Nd2 Ng6 19. f4 Nce7 20. Ne4 Rfd8 21. Be3
Nf5 22. Bf2 Bc6 23. b4 cxb4 24. cxb4 Nd4 25. Bxd4 Bxe4 26. Rac1 Qb8 27. Bxe4
Rxd4 28. b5 Ne7 29. Rc2 g6 30. Rec1 R4d7 31. Kg2 Kg7 32. Kh3 Rc8 33. Rxc8 Nxc8
34. Bc6 Rd8 35. Bf3 Ne7 36. Qe4 Rd7 37. Qa8 Qxa8 38. Bxa8 Nf5 39. a4 g5 40. Be4
Ne7 41. Rc4 f5 42. exf6+ Kxf6 43. Kg4 gxf4 44. Kxf4 Rd2 45. h4 Ra2 46. Kg4 Ra3
47. Kh5 Rxg3 48. Rc7 Re3 49. Bc2 Re2 50. Kxh6 Nd5 51. Rc8 Rh2 52. h5 Ke5 53. Bg6
Rh4 54. Kg5 Rh1 55. Ra8 Rg1+ 56. Kh6 Kf6 57. Rxa7 Ne7 58. Rxe7 Kxe7 59. Kg7 e5
60. h6 Kd6 61. h7 Rh1 62. h8=Q Rxh8 63. Kxh8 Kc5 64. Kg7 Kb4 65. Kf6 1-0

[Event "GRENKE Chess Open 2018"]
[Site "Karlsruhe GER"]
[Date "2018.03.29"]
[Round "1.12"]
[White "Kozul, Zdenko"]
[Black "Heinatz, Gundula"]
[Result "1-0"]
[WhiteTitle "GM"]
[BlackTitle "WIM"]
[WhiteElo "2617"]
[BlackElo "2143"]
[WhiteFideId "14502879"]
[BlackFideId "4612434"]
[EventDate "2018.03.29"]

1. d4 Nf6 2. c4 g6 3. Nc3 Bg7 4. e4 d6 5. Nf3 O-O 6. Be2 Bg4 7. Be3 Nfd7 8. Rc1
Bxf3 9. Bxf3 Nc6 10. d5 Nce5 11. Be2 Nb6 12. b3 e6 13. O-O Qe7 14. Qd2 Rae8 15.
Nb5 a6 16. Nxd6 cxd6 17. Bxb6 exd5 18. exd5 f5 19. Be3 Nd7 20. Rfe1 Qf7 21. g3
Be5 22. Bh6 Bg7 23. Bf4 Be5 24. b4 Qf6 25. Bg5 Qh8 26. c5 h6 27. Bxh6 Rf7 28.
Bg5 Nf6 29. Bf3 Ref8 30. cxd6 Ng4 31. h4 Bxd6 32. Re6 Ne5 33. Be2 Bb8 34. d6 Ba7
35. Bf4 1-0

[Event "GRENKE Chess Open 2018"]
[Site "Karlsruhe GER"]
[Date "2018.03.29"]
[Round "1.13"]
[White "Korba, Roman"]
[Black "Landa, Konstantin"]
[Result "0-1"]
[BlackTitle "GM"]
[WhiteElo "2142"]
[BlackElo "2613"]
[WhiteFideId "4690532"]
[BlackFideId "4101685"]
[EventDate "2018.03.29"]

1. d4 d5 2. Bf4 c5 3. e3 Nf6 4. c3 Qb6 5. Qb3 c4 6. Qc2 g6 7. Nd2 Bf5 8. Qc1 Nc6
9. Ngf3 Bg7 10. Be2 O-O 11. h3 Qd8 12. b3 b5 13. a4 a6 14. O-O Qb6 15. Ne5 Nxe5
16. Bxe5 Ne4 17. Bxg7 Kxg7 18. g4 Be6 19. f4 cxb3 20. f5 Ng3 21. Bd3 bxa4 22.
Rxa4 Nxf1 23. Qxf1 Qc7 24. fxe6 Qg3+ 25. Kh1 fxe6 0-1

[Event "GRENKE Chess Open 2018"]
[Site "Karlsruhe GER"]
[Date "2018.03.29"]
[Round "1.14"]
[White "Papp, Gabor1"]
[Black "Barrenechea Bahamonde, Gustavo"]
[Result "1-0"]
[WhiteTitle "GM"]
[WhiteElo "2604"]
[BlackElo "2141"]
[WhiteFideId "718602"]
[BlackFideId "2254425"]
[EventDate "2018.03.29"]

1. e4 c5 2. Nf3 g6 3. d4 cxd4 4. Nxd4 Nf6 5. Nc3 d6 6. Be3 Bg7 7. f3 Nc6 8. Qd2
O-O 9. O-O-O d5 10. Qe1 e5 11. Nxc6 bxc6 12. exd5 Nxd5 13. Bc4 Be6 14. Ne4 h6
15. Bc5 f5 16. Bxf8 Qxf8 17. Nc3 Nf4 18. Bxe6+ Nxe6 19. Qg3 Rb8 20. Qxg6 Nd4 21.
a3 Qc5 22. Rhe1 Qb6 23. b4 Kh8 24. Qd6 Rd8 25. Qc5 Qc7 26. Ne2 Rd5 27. Qc4 a5
28. c3 axb4 29. axb4 Nxe2+ 30. Rxe2 Rb5 31. Red2 Bf6 32. Rd6 Bg5+ 33. Kc2 Qb6
34. Rxc6 Qf2+ 35. Kb3 1-0

[Event "GRENKE Chess Open 2018"]
[Site "Karlsruhe GER"]
[Date "2018.03.29"]
[Round "1.15"]
[White "Koellner, Ruben Gideon"]
[Black "Bindrich, Falko"]
[Result "0-1"]
[BlackTitle "GM"]
[WhiteElo "2141"]
[BlackElo "2602"]
[WhiteFideId "12993093"]
[BlackFideId "4676670"]
[EventDate "2018.03.29"]

1. d4 Nf6 2. Nf3 e6 3. Nbd2 c5 4. e3 d5 5. c3 Nbd7 6. Bd3 Be7 7. O-O Qc7 8. Re1
O-O 9. Qe2 b6 10. e4 dxe4 11. Nxe4 Bb7 12. dxc5 Nxc5 13. Nxc5 Qxc5 14. Be3 Qh5
15. Nd4 Qd5 16. f3 Rad8 17. Rad1 Qh5 18. Bf2 Bd6 19. Bg3 Bxg3 20. hxg3 Qc5 21.
Qf2 g6 22. Nb3 Qc7 23. Bc2 Bd5 24. g4 h5 25. Qh4 Bxb3 26. Bxb3 Qc5+ 27. Kh1 Rxd1
28. Bxd1 Kg7 29. g5 Nh7 30. f4 Rd8 31. Bf3 Rd2 32. Rb1 Qc4 33. a3 e5 34. Re1
Qxf4 35. Qxf4 exf4 36. b3 Nxg5 0-1

[Event "GRENKE Chess Open 2018"]
[Site "Karlsruhe GER"]
[Date "2018.03.29"]
[Round "1.16"]
[White "Sumets, Andrey"]
[Black "Schulz, Vladimir"]
[Result "1-0"]
[WhiteTitle "GM"]
[WhiteElo "2590"]
[BlackElo "2141"]
[WhiteFideId "14105500"]
[BlackFideId "616583"]
[EventDate "2018.03.29"]

1. d4 Nf6 2. c4 c5 3. d5 b5 4. cxb5 a6 5. bxa6 Bxa6 6. Nc3 d6 7. Nf3 g6 8. e4
Bxf1 9. Kxf1 Nbd7 10. g3 Bg7 11. Kg2 O-O 12. a4 Qa5 13. Ra3 Rfb8 14. Qc2 Nb6 15.
b3 c4 16. b4 Qxb4 17. Nd4 Nfxd5 18. Nc6 Qc5 19. exd5 Nxd5 20. Nxb8 Nb4 21. Qe4
Rxb8 22. Be3 Qa5 23. Rb1 Rd8 24. Nb5 d5 25. Qxe7 Bf8 26. Qf6 Nc2 27. Bb6 Qd2 28.
Qxd8 Ne1+ 29. Rxe1 Qxe1 30. Re3 1-0

[Event "GRENKE Chess Open 2018"]
[Site "Karlsruhe GER"]
[Date "2018.03.29"]
[Round "1.17"]
[White "Pfatteicher, Lukas"]
[Black "Bernadskiy, Vitaliy"]
[Result "0-1"]
[BlackTitle "GM"]
[WhiteElo "2140"]
[BlackElo "2588"]
[WhiteFideId "12968919"]
[BlackFideId "14100371"]
[EventDate "2018.03.29"]

1. d4 Nf6 2. c4 d6 3. Nf3 Nbd7 4. Nc3 e5 5. e4 g6 6. Be2 Bg7 7. O-O O-O 8. Re1
c6 9. h3 exd4 10. Nxd4 Re8 11. Bf1 Nc5 12. f3 Nh5 13. Be3 Be5 14. Qd2 Qh4 15.
Nce2 Ng3 16. Bf4 Nxe2+ 17. Nxe2 Qf6 18. Bg5 Qh8 19. Rab1 f5 20. Nc3 fxe4 21.
Nxe4 Nxe4 22. fxe4 Be6 23. Qc2 Rf8 24. b3 Bg3 25. Re2 Qe5 26. Bd2 Qh5 27. Be3
Rf7 28. Rd2 Raf8 29. Qd3 Qh4 30. Bd4 Be1 31. Be2 Bxd2 32. Qxd2 Bxh3 33. gxh3
Qg3+ 34. Kh1 Qxh3+ 35. Kg1 Qg3+ 36. Kh1 Rf4 0-1

[Event "GRENKE Chess Open 2018"]
[Site "Karlsruhe GER"]
[Date "2018.03.29"]
[Round "1.18"]
[White "Buhmann, Rainer"]
[Black "Wendler, David"]
[Result "1-0"]
[WhiteTitle "GM"]
[WhiteElo "2588"]
[BlackElo "2140"]
[WhiteFideId "4651340"]
[BlackFideId "12938360"]
[EventDate "2018.03.29"]

1. d4 Nf6 2. c4 c5 3. d5 b5 4. cxb5 a6 5. b6 Qxb6 6. Nc3 g6 7. Nf3 d6 8. e4 Bg7
9. Nd2 Qc7 10. Be2 O-O 11. O-O Nbd7 12. a4 Rb8 13. a5 Rb4 14. Nc4 Ne8 15. Bd2
Ne5 16. b3 Nxc4 17. Bxc4 Qb8 18. Rc1 Nc7 19. Na4 Rb7 20. Nb6 Nb5 21. b4 Bd4 22.
Bh6 Re8 23. Qd2 Be5 24. Be3 cxb4 25. Bxb5 axb5 26. Qxb4 Bd7 27. Nxd7 Rxd7 28.
Rc6 Qa8 29. Qxb5 Rb7 30. Rb6 Rc7 31. Rb1 Kg7 32. Ra6 Qc8 33. Rc6 Rxc6 34. Qxc6
f5 35. f4 Qxc6 36. dxc6 Bc3 37. a6 fxe4 38. a7 d5 39. Rb8 d4 40. Rxe8 dxe3 41.
Kf1 e2+ 42. Kxe2 1-0

[Event "GRENKE Chess Open 2018"]
[Site "Karlsruhe GER"]
[Date "2018.03.29"]
[Round "1.19"]
[White "Gress, Alexander"]
[Black "Lagarde, Maxime"]
[Result "0-1"]
[BlackTitle "GM"]
[WhiteElo "2139"]
[BlackElo "2587"]
[WhiteFideId "24636428"]
[BlackFideId "662399"]
[EventDate "2018.03.29"]

1. e4 c5 2. Nf3 Nc6 3. d4 cxd4 4. Nxd4 Qb6 5. Nb3 Nf6 6. Nc3 e6 7. a3 a6 8. Be3
Qc7 9. Bd3 b5 10. O-O d6 11. f4 Bb7 12. Qf3 Be7 13. Qg3 g6 14. Nd4 Na5 15. Nf3
Nc4 16. Bd4 O-O 17. e5 Nh5 18. Qg4 Bxf3 19. Qxf3 dxe5 20. fxe5 Bc5 21. Qf2 Bxd4
22. Qxd4 Qxe5 23. Qf2 Nxb2 24. Ne4 Rad8 25. g4 f5 26. Nc5 fxg4 27. Qxf8+ Rxf8
28. Rxf8+ Kg7 29. Rc8 Nxd3 0-1

[Event "GRENKE Chess Open 2018"]
[Site "Karlsruhe GER"]
[Date "2018.03.29"]
[Round "1.20"]
[White "Sadzikowski, Daniel"]
[Black "Paquico Rodriguez, Ivan"]
[Result "1-0"]
[WhiteTitle "GM"]
[WhiteElo "2583"]
[BlackElo "2139"]
[WhiteFideId "1132253"]
[BlackFideId "2256320"]
[EventDate "2018.03.29"]

1. c4 g6 2. e4 Bg7 3. d4 d6 4. Nc3 e5 5. Nge2 Nc6 6. d5 Nce7 7. h4 h5 8. Ng3 Bd7
9. Bd3 a6 10. Bg5 Nh6 11. Be2 Ng4 12. f3 Nh6 13. Bd3 f6 14. Bd2 Nf7 15. Qb3 Rb8
16. O-O-O c5 17. dxc6 bxc6 18. Qa3 Be6 19. Nge2 f5 20. Kb1 O-O 21. Be3 a5 22.
Nc1 Qc7 23. Nb3 Ra8 24. Rc1 Rfb8 25. Nd5 Qd8 26. Nxe7+ Qxe7 27. Ka1 Qc7 28. Nd2
Bf8 29. Qc3 f4 30. Bf2 a4 31. Nb1 Qb7 32. Rhg1 d5 33. exd5 cxd5 34. g3 a3 35.
bxa3 e4 36. gxf4 Nh8 37. fxe4 dxe4 38. Bd4 exd3 39. Bxh8 Bf5 40. Be5 Rd8 41. c5
Qd5 42. c6 d2 43. Rcd1 Qc5 44. Qb3+ Kh7 45. Qf7+ Kh6 46. Bf6 Qd4+ 47. Bxd4 Rxd4
48. Rg5 Bg7 49. Rxf5 gxf5 50. Qe6+ Kh7 51. Qxf5+ Kg8 52. Nc3 Rf8 53. Qe6+ Kh8
54. Kb1 Rd3 55. Nb5 Rb8 56. a4 Rd4 57. c7 Rb4+ 58. Qb3 Rxb3+ 59. axb3 Rc8 60.
Rxd2 Bf6 61. Rd7 Bxh4 62. Nd6 1-0

[Event "GRENKE Chess Open 2018"]
[Site "Karlsruhe GER"]
[Date "2018.03.29"]
[Round "1.21"]
[White "Van De Perre, Tom"]
[Black "Moussard, Jules"]
[Result "0-1"]
[BlackTitle "GM"]
[WhiteElo "2138"]
[BlackElo "2576"]
[WhiteFideId "209040"]
[BlackFideId "642908"]
[EventDate "2018.03.29"]

1. e4 g6 2. d4 Bg7 3. Nf3 d6 4. Bc4 Nf6 5. Qe2 O-O 6. O-O Bg4 7. h3 Bxf3 8. Qxf3
Nc6 9. c3 e5 10. d5 Ne7 11. Bg5 Nd7 12. Qe3 f6 13. Bh4 Qe8 14. Bb5 f5 15. Bxd7
Qxd7 16. Bxe7 Qxe7 17. Nd2 Rf7 18. f3 Qf8 19. Nc4 Bh6 20. Qe1 Bg5 21. g3 c6 22.
Rd1 Rc8 23. dxc6 Rxc6 24. Qe2 Qc8 25. Na5 Ra6 26. Qc4 Qd7 27. Qd5 b5 28. Nb3
Be3+ 29. Kg2 Rxa2 30. Rb1 Qb7 31. Qxd6 fxe4 32. Qxe5 exf3+ 33. Kh2 Bh6 34. Nd4
b4 35. cxb4 Qxb4 36. Nxf3 Qb3 37. Qe2 Qb8 38. Rf2 Ra5 39. Qc4 Rf5 40. Rbf1 Bf4
41. Rg2 Bd6 42. Nd2 Rxf1 43. Nxf1 Kg7 44. Ne3 h5 45. Qd4+ Be5 46. Qe4 Bxb2 47.
Nc4 Bf6 48. Qf4 Qxf4 49. gxf4 Bd4 50. Ne5 Rf6 51. Kg3 a5 52. Rd2 Bxe5 53. fxe5
Ra6 54. Kf4 a4 55. Kg5 a3 56. Rd7+ Kf8 57. Rd1 a2 58. Ra1 Kg7 59. Kf4 Ra4+ 60.
Kg5 Ra5 61. Kf4 Kf7 62. h4 Ra4+ 63. Kg5 Kg7 0-1

[Event "GRENKE Chess Open 2018"]
[Site "Karlsruhe GER"]
[Date "2018.03.29"]
[Round "1.22"]
[White "Kunin, Vitaly"]
[Black "Horn, Sven"]
[Result "1-0"]
[WhiteTitle "GM"]
[WhiteElo "2575"]
[BlackElo "2137"]
[WhiteFideId "4128737"]
[BlackFideId "4631811"]
[EventDate "2018.03.29"]

1. d4 d5 2. c4 c6 3. e3 Nf6 4. Nf3 Bg4 5. h3 Bh5 6. Nc3 e6 7. Qb3 Qc7 8. Nh4 Bg6
9. Nxg6 hxg6 10. Bd2 Nbd7 11. Rc1 Qb6 12. Qc2 dxc4 13. Bxc4 Nd5 14. O-O Qd8 15.
Bxd5 exd5 16. e4 dxe4 17. d5 Be7 18. dxc6 bxc6 19. Nxe4 Rc8 20. Bf4 Nb6 21. Rfd1
Nd5 22. Nc3 O-O 23. Nxd5 cxd5 24. Qxc8 Qxc8 25. Rxc8 Rxc8 26. Rxd5 Bf6 27. b3
Rc6 28. Kf1 Kf8 29. Be3 a6 30. Bc5+ Ke8 31. Ke2 Be7 32. b4 Re6+ 33. Kd3 Re1 34.
Bxe7 Kxe7 35. Ra5 Re6 36. a4 Kd7 37. b5 Rd6+ 38. Kc3 axb5 39. Ra7+ Kc6 40. axb5+
Kc5 41. Rxf7 Kxb5 42. Rxg7 Kc5 43. Ra7 Rf6 44. Ra5+ Kb6 45. Ra2 Kc7 46. Kd3 Kd7
47. Ra7+ Ke8 48. Ke3 Kf8 49. f4 Rb6 50. Kf3 Rb5 51. Kg4 Rf5 52. h4 Kg8 53. Re7
Kf8 54. Re5 Rf6 55. h5 gxh5+ 56. Rxh5 Kg7 57. g3 Ra6 58. Re5 Kf6 59. Re4 Ra1 60.
f5 1-0

[Event "GRENKE Chess Open 2018"]
[Site "Karlsruhe GER"]
[Date "2018.03.29"]
[Round "1.23"]
[White "Kindler, Kristian"]
[Black "Heimann, Andreas"]
[Result "0-1"]
[BlackTitle "GM"]
[WhiteElo "2136"]
[BlackElo "2574"]
[WhiteFideId "12951650"]
[BlackFideId "24624632"]
[EventDate "2018.03.29"]

1. e4 e5 2. Nf3 Nc6 3. Bb5 a6 4. Ba4 Nf6 5. O-O Be7 6. Re1 b5 7. Bb3 O-O 8. d3
d6 9. Bd2 Bd7 10. h3 h6 11. a4 b4 12. c3 Rb8 13. d4 Qc8 14. Bc2 Re8 15. dxe5
dxe5 16. cxb4 Bxb4 17. Nc3 Be6 18. a5 Bd6 19. Rc1 Nxa5 20. Nd5 Bxd5 21. exd5 Nc4
22. Bc3 Nxb2 23. Qe2 Nxd5 24. Bxe5 Nf6 25. Bb1 Rb5 26. Qc2 Bxe5 27. Nxe5 Rbxe5
28. Rxe5 Rxe5 29. Qxb2 Qe8 30. Bd3 Re1+ 31. Rxe1 Qxe1+ 32. Kh2 a5 33. Qb8+ Ne8
34. Bb5 Kf8 35. Bxe8 Qxe8 36. Qxc7 Qa8 37. Qc5+ Kg8 38. g4 a4 39. Qa3 Qb8+ 40.
Kg2 Qb7+ 41. f3 Qb3 42. Qe7 a3 43. h4 a2 44. h5 a1=Q 45. Qe8+ Kh7 46. Qe4+ 0-1

[Event "GRENKE Chess Open 2018"]
[Site "Karlsruhe GER"]
[Date "2018.03.29"]
[Round "1.24"]
[White "Heberla, Bartlomiej"]
[Black "Pappelis, Dimitrios"]
[Result "1-0"]
[WhiteTitle "GM"]
[WhiteElo "2570"]
[BlackElo "2136"]
[WhiteFideId "1115120"]
[BlackFideId "4215281"]
[EventDate "2018.03.29"]

1. d4 d5 2. c4 e6 3. Nc3 Bb4 4. e3 Nf6 5. Bd2 O-O 6. Nf3 Nbd7 7. Qc2 Re8 8. Rd1
c6 9. Be2 Qe7 10. O-O Bd6 11. Rfe1 e5 12. dxe5 Nxe5 13. cxd5 cxd5 14. Nb5 Bg4
15. Nxd6 Qxd6 16. Bc3 Nxf3+ 17. Bxf3 Bxf3 18. gxf3 Qe6 19. Kg2 Rac8 20. Rd4 Rc6
21. Qd3 Nh5 22. Rh4 Qg6+ 23. Qxg6 hxg6 24. Rd1 Nf6 25. Rb4 b6 26. Ra4 a5 27. Ra3
Rc5 28. Rb3 Re6 29. Bd4 Rcc6 30. Rb5 Kf8 31. Rd3 Ke8 32. Rdb3 Nd7 33. Rxd5 f6
34. f4 Kd8 35. Ra3 Red6 36. Rb5 Rc2 37. b4 axb4 38. Rxb4 Kc7 39. Ra7+ Kc6 40. a4
Ra2 41. e4 Re6 42. Rc4+ Kd6 43. Be3 Nc5 44. a5 Nxe4 45. axb6 Rb2 46. Rac7 1-0

[Event "GRENKE Chess Open 2018"]
[Site "Karlsruhe GER"]
[Date "2018.03.29"]
[Round "1.25"]
[White "Zoldan, Matteo"]
[Black "Grigoriants, Sergey"]
[Result "0-1"]
[WhiteTitle "CM"]
[BlackTitle "GM"]
[WhiteElo "2135"]
[BlackElo "2568"]
[WhiteFideId "805319"]
[BlackFideId "4130804"]
[EventDate "2018.03.29"]

1. e4 c5 2. Nf3 d6 3. d4 cxd4 4. Nxd4 Nf6 5. Nc3 a6 6. f3 Qb6 7. Nb3 e6 8. Qe2
Nc6 9. Be3 Qc7 10. O-O-O b5 11. Qf2 Be7 12. g4 Nd7 13. Nd4 Nxd4 14. Bxd4 O-O 15.
h4 Bb7 16. a3 Bc6 17. g5 Rab8 18. f4 a5 19. f5 b4 20. f6 bxc3 21. fxe7 cxb2+ 22.
Bxb2 Rfe8 23. Qd4 e5 24. Qxd6 Qb7 25. Bc3 Bxe4 26. Bd3 Bxh1 27. Bf5 Bf3 28. Rd3
Qb1+ 29. Kd2 Qd1+ 30. Ke3 Qe2# 0-1

[Event "GRENKE Chess Open 2018"]
[Site "Karlsruhe GER"]
[Date "2018.03.29"]
[Round "1.26"]
[White "David, Alberto"]
[Black "Carow, Annelen"]
[Result "1-0"]
[WhiteTitle "GM"]
[BlackTitle "WFM"]
[WhiteElo "2566"]
[BlackElo "2135"]
[WhiteFideId "4000013"]
[BlackFideId "24692492"]
[EventDate "2018.03.29"]

1. e4 c5 2. Nf3 e6 3. d3 Nc6 4. g3 Nge7 5. Bg2 g6 6. O-O Bg7 7. c3 e5 8. a4 O-O
9. Na3 d6 10. Rb1 h6 11. b4 cxb4 12. cxb4 Bg4 13. h3 Be6 14. b5 Nd4 15. Nxd4
exd4 16. Re1 Qd7 17. Kh2 Rac8 18. Bd2 f5 19. f4 h5 20. Rb4 h4 21. gxh4 Kf7 22.
Nc2 fxe4 23. dxe4 Rc4 24. h5 Qc7 25. Rxc4 Bxc4 26. Na3 Ba2 27. Qe2 Qc5 28. Qd3
Qxh5 29. Bb4 Rd8 30. Nc4 Qh4 31. Rf1 Bxc4 32. Qxc4+ Ke8 33. e5 dxe5 34. fxe5
Bxe5+ 35. Kh1 Qg3 36. Qf7+ 1-0